Amita Singh, disaster law: Principles and practice (Record no. 532027)
[ view plain ]
| 000 -LEADER | |
|---|---|
| fixed length control field | 00564nam a22001337a 4500 |
| 008 - FIXED-LENGTH DATA ELEMENTS--GENERAL INFORMATION | |
| fixed length control field | 251127b ||||| |||| 00| 0 eng d |
| 100 ## - MAIN ENTRY--PERSONAL NAME | |
| Personal name | Lamarr, Kheinkor |
| 245 ## - TITLE STATEMENT | |
| Title | Amita Singh, disaster law: Principles and practice |
| 260 ## - PUBLICATION, DISTRIBUTION, ETC. (IMPRINT) | |
| Place of publication, distribution, etc | Indian Journal of Public Administration |
| 300 ## - PHYSICAL DESCRIPTION | |
| Extent | 71(3), Sep, 2025: p.667-669 |
| 520 ## - SUMMARY, ETC. | |
| Summary, etc | 2025, 195 pp., ₹525, Eastern Book Company. ISBN: 9789348179272.- Reproduced https://journals.sagepub.com/doi/full/10.1177/00195561251367631 |
| 773 ## - HOST ITEM ENTRY | |
| Main entry heading | Indian Journal of Public Administration |
| 942 ## - ADDED ENTRY ELEMENTS (KOHA) | |
| Item type | Articles |
| Withdrawn status | Lost status | Source of classification or shelving scheme | Damaged status | Not for loan | Permanent location | Current location | Date acquired | Serial Enumeration / chronology | Barcode | Date last seen | Koha item type |
|---|---|---|---|---|---|---|---|---|---|---|---|
| Indian Institute of Public Administration | Indian Institute of Public Administration | 2025-11-27 | 71(3), Sep, 2025: p.667-669 | AR137666 | 2025-11-27 | Articles |
